|
|
|
|
| LEADER |
00000nab a2200000 ar4500 |
| 001 |
vtls009151584 |
| 003 |
SK-MaSNL |
| 005 |
20260304220813.0 |
| 008 |
071019c2005 xo |||||||||||000 b|slo |
| 015 |
|
|
|a SNBRB2007/10
|2 snkbucl
|
| 038 |
|
|
|a SNKBUCL
|
| 040 |
|
|
|a SNKBUCL
|b slo
|c SNKBUCL
|e AACR2
|
| 041 |
0 |
|
|a slo
|
| 044 |
|
|
|a xo
|c SK
|
| 080 |
|
|
|a 630-051
|2 1997
|
| 080 |
|
|
|a 639.1-051
|2 1997
|
| 080 |
|
|
|a 929 Hirner, Anton
|2 1997
|
| 100 |
1 |
|
|a Hirner, Anton,
|d 1952-
|4 aut
|9 1552501
|
| 245 |
1 |
0 |
|a Lesník, ochranca, poľovník
|c Anton Hirner
|
| 300 |
|
|
|b Fotogr.
|
| 600 |
1 |
7 |
|a Hirner, Anton,
|d 1915-1992
|2 snkbucl
|9 39001
|
| 773 |
0 |
|
|t Naše poľovníctvo
|g Roč. II, č. 5 (2005), s. 30
|x 1336-5568
|
| 852 |
|
|
|a SNK
|b KIS3GCP
|
| 958 |
|
|
|a SK
|
| 958 |
|
|
|a BX
|
| 999 |
|
|
|c 3154366
|d 3156296
|